000 00889nam a2200337Ia 4500
001 1022
005 20240113233441.0
007 ta
008 050129s1999 g b000 u asm u
020 _cHB
040 _aCotton College,Assam
041 _aasm
082 _a891.41308
_bBo 644 Up
100 _aBorgohain, Nirupama .
245 0 _aNirupama Borgahain Upanyas Sambhar: Vol. 1 /
_cNirupama Borgahain.
_hTextual Documents
250 _a1st ed. /
260 _aAssam :
_bJyoti prakashan ,
_c1999.
300 _a880p. ;
_c24cm.
500 _a18/Ref/Ass
653 _aAssamese Fiction-Collections
653 _aAssamese Novel-Collections
653 _aReference-Assamese
653 _aG-Assamese
942 _2ddc
_cBK
999 _c1020
_d1020